000
003290000a22001450004500
020
_a
0-590-41110-1
082
0
4
_a
K291p
100
1
_a
Kellogg, Steven
245
1
0
_a
Pecos bill / Steven Kellogg
260
_a
USA : Scholastic
300
_a
[42 P.]
650
1
4
_a
Cuentos Infantiles estadounidenses
001
2083
942
_c
LGB
999
_c
49231
_d
49231